|
|
|
|
| LEADER |
00000cam a2200000 7i4500 |
| 001 |
0000009519 |
| 002 |
000010372 |
| 005 |
20000330.0 |
| 020 |
|
|
|a 9679987183
|
| 090 |
0 |
0 |
|a F
|b MAL
|
| 245 |
0 |
0 |
|a Malang Si Malim Malungan 2
|
| 260 |
|
|
|a Kuala Lumpur :
|b Creative Enterprise ,
|c 1990
|
| 300 |
|
|
|a 386 p. ;
|c 21 cm.
|
| 490 |
0 |
|
|a Gila gila
|
| 650 |
0 |
0 |
|a Humourous fiction
|
| 700 |
0 |
|
|a Jaafar Taib ,
|e illustrasi
|
| 999 |
|
|
|a 039631
|b BUKU
|c PINJAMAN
|e PERPUSTAKAAN KOMUNITI PETALING JAYA
|
| 999 |
|
|
|a 039632
|b BUKU
|c PINJAMAN
|e PERPUSTAKAAN KOMUNITI PETALING JAYA
|
| 999 |
|
|
|a 044924
|b BUKU
|c PINJAMAN
|e PERPUSTAKAAN KOMUNITI CAW KOTA DAMANSARA
|